Países mais próximos de Antártica - Statistics

Estatísticas Gerais
  • Esse quiz foi jogado 413 vezes
  • A pontuação média é 16 de 20
Estatísticas das Respostas
km país % Correto
1023 Argentina
99%
1005 Chile
99%
2518 Austrália
97%
3292 Brasil
97%
2484 Nova Zelândia
97%
3856 África do Sul
95%
3151 Uruguai
95%
3978 Paraguai
87%
4523 Bolívia
85%
4236 Lesoto
83%
5094 Peru
82%
4646 Moçambique
81%
4513 Namíbia
80%
4513 Madagáscar
79%
4714 Botswana
76%
4597 Suazilândia
75%
5070 Zimbábue
73%
5052 Maurícia
53%
5438 Vanuatu
44%
5576 Malawi
41%
Nenhum quiz correspondente encontrado
Distribuição das Pontuações
Porcentagem de Pessoas com Cada Pontuação
Percentil de Números Respondidos
Sua Pontuação Histórica
Você não jogou esse quiz